00373nam a2200121Ia 4500008004100000082001000041100003000051245002700081260008100108300000800189630002700197730002700224100204s9999 xx 000 0 und d b10613 aशहा सुभाष aशाही गूढ b"रावजी प्रकाशन , डोंबिवली"c1985 a163 aशाही गूढ aशाही गूढ